Invertebrate Zoology. (Record no. 5187)
[ view plain ]
| 000 -LEADER | |
|---|---|
| fixed length control field | 00635nam a22002177a 4500 |
| 003 - CONTROL NUMBER IDENTIFIER | |
| control field | OSt |
| 005 - DATE AND TIME OF LATEST TRANSACTION | |
| control field | 20160913155200.0 |
| 008 - FIXED-LENGTH DATA ELEMENTS--GENERAL INFORMATION | |
| fixed length control field | 160913b xxu||||| |||| 00| 0 eng d |
| 020 ## - INTERNATIONAL STANDARD BOOK NUMBER | |
| International Standard Book Number | 9780030259821 |
| 020 ## - INTERNATIONAL STANDARD BOOK NUMBER | |
| International Standard Book Number | 0030259827 |
| 040 ## - CATALOGING SOURCE | |
| Transcribing agency | DDC |
| 082 ## - DEWEY DECIMAL CLASSIFICATION NUMBER | |
| Classification number | 592Rup 2004 |
| 100 ## - MAIN ENTRY--PERSONAL NAME | |
| Personal name | Ruppert,E.Edward;Fox,S.Richard;Barnes,D.Robert; |
| 9 (RLIN) | 11039 |
| 245 ## - TITLE STATEMENT | |
| Title | Invertebrate Zoology. |
| Remainder of title | A functional Evolutionary Approach. |
| 250 ## - EDITION STATEMENT | |
| Edition statement | 7th ed |
| 260 ## - PUBLICATION, DISTRIBUTION, ETC. (IMPRINT) | |
| Place of publication, distribution, etc. | Austraria. |
| Name of publisher, distributor, etc. | Brooks/Cole Cenage Learning. |
| Date of publication, distribution, etc. | 2004. |
| 300 ## - PHYSICAL DESCRIPTION | |
| Extent | xvii,963p; |
| Other physical details | ill; |
| Dimensions | 25cm. |
| 504 ## - BIBLIOGRAPHY, ETC. NOTE | |
| Bibliography, etc | includes references and index. |
| 650 ## - SUBJECT ADDED ENTRY--TOPICAL TERM | |
| Topical term or geographic name as entry element | Zoology |
| 9 (RLIN) | 8070 |
| 942 ## - ADDED ENTRY ELEMENTS (KOHA) | |
| Source of classification or shelving scheme | Dewey Decimal Classification |
| Koha item type | Open Shelf |
| Withdrawn status | Lost status | Source of classification or shelving scheme | Damaged status | Not for loan | Home library | Current library | Date acquired | Source of acquisition | Inventory number | Total Checkouts | Full call number | Barcode | Date last seen | Date last checked out | Price effective from | Koha item type |
|---|---|---|---|---|---|---|---|---|---|---|---|---|---|---|---|---|
| Dewey Decimal Classification | MUST Main Library | MUST Main Library | 13/09/2016 | Purchase | 13/37054 | 2 | 592Rup 2004 | 2016-4143 | 19/11/2019 | 23/10/2019 | 13/09/2016 | Open Shelf | ||||
| Dewey Decimal Classification | MUST Main Library | MUST Main Library | 20/03/2018 | Purchase | 12/35797 | 592Rup 2004 | 2018-0194 | 20/03/2018 | 20/03/2018 | Open Shelf | ||||||
| Dewey Decimal Classification | MUST Main Library | MUST Main Library | 06/03/2021 | 2012/35798 | 1 | 592Rup 2004 | 2021-0246 | 25/03/2021 | 06/03/2021 | 06/03/2021 | Open Shelf |
